[Event "Teteven op 32nd"]
[Site "Teteven"]
[Date "2018.08.12"]
[Round "2"]
[White "Ignatov, Georgi"]
[Black "Varbanov, Varban"]
[Result "1-0"]
[WhiteElo "1807"]
[BlackElo "2030"]
[PlyCount "37"]
[EventDate "2018.08.11"]
[EventType "swiss"]
[EventRounds "9"]
[EventCountry "BUL"]
[SourceTitle "CBM 186 Extra"]
[Source "ChessBase"]
[SourceDate "2018.08.24"]
[SourceVersion "1"]
[SourceVersionDate "2018.08.24"]
[SourceQuality "1"]

1. e4 c5 2. Nf3 e6 3. d3 Qc7 4. g3 Nc6 5. Bg2 Nf6 6. 0-0 d5 7. Re1 Be7 8. e5 Nd7 9. Bf4 0-0 10. Nbd2 b5 11. h4 h6 12. Nf1 Rd8 13. Ne3 Bf8 14. Ng4 Ne7 15. Nf6+ Kh8 16. Ng5 gxf6 17. exf6 Qb6 18. fxe7 Bxe7 19. Nxf7+ 1-0

[Event "Teteven op 23rd"]
[Site "Teteven"]
[Date "2008.08.16"]
[Round "1"]
[White "Varbanov, Varban"]
[Black "Badev, Kiril"]
[Result "0-1"]
[WhiteElo "2150"]
[BlackElo "2337"]
[PlyCount "100"]
[EventDate "2008.08.16"]
[EventType "swiss"]
[EventRounds "9"]
[EventCountry "BUL"]
[SourceTitle "CBM 126 Extra"]
[Source "ChessBase"]
[SourceDate "2008.11.05"]
[SourceVersion "1"]
[SourceVersionDate "2008.11.05"]
[SourceQuality "1"]

1. d4 Nf6 2. c4 e6 3. Nc3 Bb4 4. Qc2 d5 5. e3 0-0 6. a3 Be7 7. Nf3 b6 8. cxd5 exd5 9. b4 c5 10. bxc5 bxc5 11. dxc5 Qa5 12. Bd2 Qxc5 13. Bd3 Nc6 14. 0-0 Bg4 15. Nb5 Qxc2 16. Bxc2 Bxf3 17. gxf3 a6 18. Nd4 Nxd4 19. exd4 h6 20. Bd3 Rfb8 21. Rfb1 Rxb1+ 22. Bxb1 Rb8 23. Bd3 Rb3 24. Bxa6 Bxa3 25. Be3 Ne8 26. Bb7 Rxb7 27. Rxa3 Nd6 28. Ra8+ Kh7 29. Rd8 Nf5 30. Rxd5 Nh4 31. h3 Nxf3+ 32. Kg2 Nh4+ 33. Kg3 g5 34. f4 Kg6 35. fxg5 Nf5+ 36. Kf4 hxg5+ 37. Ke4 Nxe3 38. Kxe3 Rb3+ 39. Ke4 Rxh3 40. Rd6+ f6 41. d5 Rh4+ 42. Ke3 Kf5 43. Re6 Rh1 44. Kd4 Rd1+ 45. Kc5 g4 46. Re2 g3 47. d6 Kf4 48. Kc6 Kf3 49. Re6 f5 50. d7 g2 0-1